| 000 | 00000nam##2200000za#4500 |
| 001 | 9.681995 |
| 003 | CaOODSP |
| 005 | 20210615132638 |
| 007 | ta |
| 008 | 150407|2003||||xxc||||| f|0| 0 fre|d |
| 020 | |a0-662-88224-5 |
| 040 | |aCaOODSP|bfre |
| 043 | |an-cn--- |
| 086 | 1 |aNH15-406/2003F |
| 110 | 2 |aSociété canadienne d'hypothèques et de logement. |
| 245 | 10|aManuel des opérations à l'intention des propriétaires et des gestionnaires -collectifs d'habitation |
| 260 | |aOttawa - Ontario : |bSociété canadienne d'hypothèques et de logement |c2003. |
| 300 | |a1 vol. en pagination multiple. : |bfigures ; |c28 cm. |
| 520 | 3 |aCe manuel renferme des renseignements qui permettront aux propriétaires et aux gestionnaires de produire un ensemble de documents propres à l’immeuble qui les guidera à plusieurs égards − dotation en personnel, planification des tâches, passation de contrats, gestion des baux, établissement de budget, sécurité et protection incendie, gestion de l’environnement technologique, etc. Il vise à réduire les frais d’exploitation de ces immeubles et, de là, à accroître leur viabilité financière générale et à maintenir le parc d’immeubles collectifs au Canada. On invite le lecteur à utiliser un ordinateur personnel pour tirer le meilleur parti du système. |
| 563 | |aReliure à spirale |
| 590 | |a03-23|b2003-06-06 |
| 691 | 07|aEntretien|2gcpds |
| 691 | 07|aGestion|2gcpds |
| 691 | 07|aImmeuble d'habitation|2gcpds |
| 775 | 08|tOperations manual for owners and managers - multi-units residential buildings |w(CaOODSP)9.648734 |
| 776 | 0#|tManuel des opérations à l'intention des propriétaires et des gestionnaires - collectifs d'habitation / |w(CaOODSP)9.638452 |
| 986 | |a63088 |